000 00359cam a2200145ua 4500
041 _aeng
_h
082 _a828.09
_bNIC/WI
100 _aNicholson, Norman .
245 _aWilliam Cowper /
_cNorman Nicholson.
_hTextual Documents
260 _aLondon :
_bLongman Green and Co ,
_c1960.
300 _a40 ; .
504 _a
942 _cBK
999 _c8792
_d8792